Evidence-based decisionmaking for community health programs /

Bibliographic Details
Main Author: Jackson, Catherine A., 1952-
Corporate Authors: Main Line Health System Board (Wynnewood, Pa.), Rand Corporation
Other Authors: Derose, Kathryn Pitkin, 1963-, Kington, Raynard
Format: Book
Language:English
Published: Santa Monica, CA : Rand, 1998.
Subjects:

MARC

Tag First Indicator Second Indicator Subfields
LEADER 00000cam a2200000 a 4500
001 in00001404962
005 20151020064101.0
008 971105s1998 caua b 000 0 eng
010 |a  97046934  
020 |a 0833025732 (pbk. : alk. paper) 
035 |a (OCoLC)37966383 
035 |9 AHP4470AM 
040 |a DLC  |c DLC  |d OCL  |d TXA  |d UtOrBLW 
043 |a n-us--- 
049 |a TXAM 
050 0 0 |a RA425  |b .J32 1998 
082 0 0 |a 362.1/2/0973  |2 21 
100 1 |a Jackson, Catherine A.,  |d 1952- 
245 1 0 |a Evidence-based decisionmaking for community health programs /  |c Catherine A. Jackson, Kathryn Pitkin, Raynard Kington. 
264 1 |a Santa Monica, CA :  |b Rand,  |c 1998. 
300 |a xv, 85 pages :  |b illustrations ;  |c 23 cm. 
336 |a text  |b txt  |2 rdacontent 
337 |a unmediated  |b n  |2 rdamedia 
338 |a volume  |b nc  |2 rdacarrier 
500 |a "Prepared for the Main Line Health System." 
500 |a "MR-933-MLHS"--P. [4] cover. 
504 |a Includes bibliographical references (pages 81-85). 
650 0 |a Community health services  |z United States  |x Decision making. 
650 0 |a Evidence-based medicine  |z United States. 
700 1 |a Derose, Kathryn Pitkin,  |d 1963- 
700 1 |a Kington, Raynard. 
710 2 |a Main Line Health System Board (Wynnewood, Pa.) 
710 2 |a Rand Corporation. 
948 |a c:pk 
999 |a MARS 
999 f f |s c173d20d-db23-3445-809b-075345d19b40  |i 32fb9ab5-1576-322d-b5be-631b3c5ecd12  |t 0 
952 f f |p ric  |a Texas A&M University  |b Rellis Campus  |c Joint Library Facility  |d Remote Storage  |t 0  |e RA425 .J32 1998  |h Library of Congress classification  |i unmediated -- volume  |m A14822487055 
998 f f |a RA425 .J32 1998  |t 0  |l Remote Storage